Χώρες που Συνορεύουν με την ΕΕ - Statistics

General Stats
  • This quiz has been taken 3 times
  • The average score is 17 of 21
Answer Stats
χλμ Χώρα % Correct
2348 Νορβηγία
100%
2257 Ρωσία
100%
1257 Ουκρανία
100%
1050 Λευκορωσία
100%
945 Σερβία
100%
932 Βοσνία και Ερζεγοβίνη
100%
446 Τουρκία
100%
394 Βόρεια Μακεδονία
100%
282 Αλβανία
100%
1811 Ελβετία
67%
673 Βραζιλία
67%
499 Ηνωμένο Βασίλειο
67%
450 Μολδαβία
67%
120 Ανδόρα
67%
39 Άγιος Μαρίνος
67%
35 Λίχτενσταϊν
67%
25 Μαυροβούνιο
67%
16 Μαρόκο
67%
4 Μονακό
67%
3 Βατικανό
67%
510 Σουρινάμ
33%
No matching quizzes found
Score Distribution
Percent of People with Each Score
Percentile by Number Answered
Your Score History
You have not taken this quiz